000
00295nam a22001337a 4500
008
170508b xxu||||| |||| 00| 0 eng d
020
_a
9780737726947
041
_a
eng
080
_a
34
100
_a
14
101
_a
SHJ
245
_a
ALTERNATIVES TO PRISONS
_c
SKANCKE.J
942
_2
udc
_c
BK
999
_c
12852
_d
12852